Right of way (Record no. 66450)
[ view plain ]
| 000 -LEADER | |
|---|---|
| fixed length control field | 01230cam a2200229 4500 |
| 001 - CONTROL NUMBER | |
| control field | WB3712-02 |
| 008 - FIXED-LENGTH DATA ELEMENTS--GENERAL INFORMATION | |
| fixed length control field | 000000n2001 000 0 eng u |
| 035 ## - SYSTEM CONTROL NUMBER | |
| System control number | (Sirsi) u111509 |
| 245 ## - TITLE STATEMENT | |
| Title | Right of way |
| 260 ## - PUBLICATION, DISTRIBUTION, ETC. | |
| Date of publication, distribution, etc. | 2001 |
| 490 ## - SERIES STATEMENT | |
| Series statement | Estates Gazette Case Summaries |
| Volume/sequential designation | [2001] EGCS 33 (1) (17/03/01) |
| 520 ## - SUMMARY, ETC. | |
| Summary, etc. | "Nationwide Building Society v James Beauchamp" CA 2 March 2001.N began proceedings against J in July 1994 claiming that security obtained on the purchase of 10 plots was defective as it did not include provision for the estate road preventing local authority adoption of the road. J contended the claimant could build the road due to their right to perform any obligation that the borrowers had failed to perform. On appeal by the defendant it was ruled that a right of way over the land had been granted and that, as the borrowers had a right to construct the road to adoption standard, the claimant would have a similar right. |
| 590 ## - LOCAL NOTE (RLIN) | |
| Local note | WB |
| 650 ## - SUBJECT ADDED ENTRY--TOPICAL TERM | |
| Topical term or geographic name entry element | ACCESS |
| 650 ## - SUBJECT ADDED ENTRY--TOPICAL TERM | |
| Topical term or geographic name entry element | ROAD ACCESS |
| 650 ## - SUBJECT ADDED ENTRY--TOPICAL TERM | |
| Topical term or geographic name entry element | RIGHTS OF WAY |
| 650 ## - SUBJECT ADDED ENTRY--TOPICAL TERM | |
| Topical term or geographic name entry element | ADOPTION OF ROADS |
| 650 ## - SUBJECT ADDED ENTRY--TOPICAL TERM | |
| Topical term or geographic name entry element | SOLICITORS NEGLIGENCE |
| 650 ## - SUBJECT ADDED ENTRY--TOPICAL TERM | |
| Topical term or geographic name entry element | NATIONWIDE BUILDING SOCIETY V JAMES BEAUCHAMP |
| 690 ## - LOCAL SUBJECT ADDED ENTRY--TOPICAL TERM (OCLC, RLIN) | |
| Topical term or geographic name as entry element | Boundary disputes |
| 9 (RLIN) | 6221 |
| 942 ## - ADDED ENTRY ELEMENTS (KOHA) | |
| Suppress in OPAC | 0 |
| Withdrawn status | Lost status | Source of classification or shelving scheme | Damaged status | Not for loan | Home library | Current library | Shelving location | Date acquired | Total Checkouts | Full call number | Barcode | Date last seen | Copy number | Price effective from | Koha item type |
|---|---|---|---|---|---|---|---|---|---|---|---|---|---|---|---|
| Dewey Decimal Classification | London | London | News article | 20/03/2001 | WB3712-02 | 111509-1001 | 06/08/2019 | 1 | 06/08/2019 | Law report |